| 000 | 01062nam a2200241 a 4500 | ||
|---|---|---|---|
| 001 | 45500 | ||
| 003 | BD-RjUL | ||
| 005 | 20211209054026.0 | ||
| 008 | 160726s1964 go ||||| ||b| 00| 0 eng d | ||
| 035 | _a(BD-RjUL)45618 | ||
| 040 |
_aBD-RjUL _beng _cBD-RjUL |
||
| 041 | _aeng | ||
| 082 |
_223 _a341 _bTEN 1964 |
||
| 110 |
_aInternational Bar Association _9139263 |
||
| 245 | 1 | 0 |
_aTenth conference of the International Bar Association : _bMexico, D.F., Mexico, July 27-31, 1964 : Summary of proceedings, International Code of Ethics for the Legal Profession, official papers and reports, list of authors, committee members, conferees, patrons and subscribers, index to topics discussed at Mexico City and previous conferences / _cInternational Bar Association |
| 260 |
_aThe Hague : _bMartinus Nijhoff, _c1964 |
||
| 300 |
_axlii, 502 p. ; _c25 cm. |
||
| 650 |
_aInternational law _9139264 |
||
| 650 |
_alaw Congresses _9139265 |
||
| 650 |
_a Law as a profession -- Congresses _9139318 |
||
| 650 |
_aPractice of law -- Congresses. _9139319 |
||
| 942 |
_2ddc _cBK |
||
| 999 |
_c45500 _d45500 |
||